Taschenbuch maschinenbau in acht banden: in 8 vol.
| Idioma: | alemany |
|---|---|
| Publicat: |
Berlin, Veb Verlag Technik berlin, 1985
|
| Format: | MixedMaterials Llibre |
| KOHA link: | https://koha.lib.tpu.ru/cgi-bin/koha/opac-detail.pl?biblionumber=275161 |
MARC
| LEADER | 00000nam1a2200000 4500 | ||
|---|---|---|---|
| 001 | 275161 | ||
| 005 | 20231031230550.0 | ||
| 035 | |a (RuTPU)RU\TPU\book\298393 | ||
| 090 | |a 275161 | ||
| 100 | |a 20141112d1985 km y0yury50 ba | ||
| 101 | 0 | |a ger | |
| 102 | |a DE | ||
| 200 | 1 | |a Taschenbuch maschinenbau in acht banden |e in 8 vol. | |
| 210 | |a Berlin |c Veb Verlag Technik berlin |d 1985 | ||
| 801 | 1 | |a RU |b 63413507 |c 20141112 | |
| 801 | 2 | |a RU |b 63413507 |c 20151231 |g RCR | |
| 942 | |c BK | ||